01224nam a22002655i 4500001000700000003000900007005001700016008004100033040001400074100004800088245028300136250002400419260005700443300002300500595004400523597002600567597002500593597002100618650004000639700005200679752002500731852006000756999001900816952012300835156861ES-MaACL20250724063420.0940206s1773 it |||| | ita d aCAV bspa1 aLadvocat, Jean-Baptiste,d1709-1765912857410aDizionario storico portatile che contiene la storia de' patriarchi, de' principi ebrei, degl' imperadori, de' re... e... di tutti gli nomini illustri nelle arti a nelle scienze... / ccomposto in francese dal signor abate Ladvocat... e transportato in italiano... ; tomo quarto. aEdizione novissima. eIn Bassano : ba spese Remondini di Venezia, c1773. a276 p. ; c8\so\p. 1aDatos de la ed. preceden a tomo quarto. 1aSign.: A-Q>8<, R>10<. 1aPort. con marca tip. 1aTexto a dos col. 0aBiografías-xDiccionarios922268111aRemondini, Giuseppe,dfl.1773-1811eed.9241383 aItalia - d, Bassano aES-MaACLjR-405-6 z-- Enc. pasta x Olim: D-949-50 c156861d156861 001040708LIBXVIIIaATENEOMbATENEOMcDEPOd2008-01-17l0oR-405-6p1164116r2023-02-23 00:00:00w2023-02-23yMONANT